| 000 | 00858pam a2200289 4500 | ||
|---|---|---|---|
| 999 |
_c9775 _d9775 |
||
| 001 | 9775 | ||
| 003 | BD - JhCC | ||
| 005 | 20180401083229.0 | ||
| 008 | 180329s2003 enkac 000 0 eng c | ||
| 020 | _a0953703258 (leather ed.) | ||
| 020 | _a0953703266 | ||
| 035 |
_a(StEdNL)3780342 _a(BD - JhCC)9775 |
||
| 035 | _a(Uk)006891445 | ||
| 040 |
_aStDuBDS _dUk _dBD - JhCC |
||
| 041 | _aeng | ||
| 082 | 0 | 4 |
_a796.358068 _221 _bGRO 2003 |
| 245 | 0 | 0 |
_aGround rules : _ba celebration of test cricket / _cedited by Barney Spender. |
| 260 |
_aLondon : _bDakini, _c2003. |
||
| 300 |
_a463 p. : _bill. (chiefly col.), ports. (some col.) ; _c30 cm. |
||
| 650 | 0 | _aCricket grounds. | |
| 650 | 0 | _aCricket players. | |
| 650 | 0 |
_aCricket _xRecords. |
|
| 650 | 0 |
_aTest matches (Cricket) _xHistory. |
|
| 700 | 1 | _aSpender, Barney. | |
| 942 |
_2ddc _cREF |
||